Il prodigio /

Salvato in:
Dettagli Bibliografici
Autore principale: Donoghue, Emma
Altri autori: Ortelio, Massimo
Natura: Libro
Lingua:italiano
Pubblicazione: Vicenza : Pozza, 2017
Serie:I narratori delle tavole
Tags: Aggiungi Tag
Nessun Tag, puoi essere il primo ad aggiungerne!!

MARC

LEADER 00000nam a2200000 i 4500
001 IT\ICCU\TO1\0018484
003 ItRI
005 20260115232110.0
008 170209s2017 it |||||| ||||| |||||c
015 |2 IT  |a 2017-1889 
020 |a 9788854513969 
040 |b ita  |c importazione bologna sebina 
041 7 |a ita  |2 ISO-639-2 
082 |a 823.92  |9 NARRATIVA INGLESE, 2000-  |2 23 
100 1 |a Donoghue, Emma  |0 IT\ICCU\UBOV\105594 
240 1 4 |a The wonder  |3 IT\ICCU\TO1\0018487  |9 Donoghue, Emma 
245 1 3 |a Il prodigio /  |c Emma Donoghue ; traduzione dall'inglese di Massimo Ortelio. 
260 |a Vicenza :  |b Pozza,  |c 2017 
300 |a 301 p. ;  |c 22 cm 
500 |a In copertina: Neri Pozza romanzo 
700 1 |a Ortelio, Massimo  |0 IT\ICCU\LO1V\152509 
830 2 |a I narratori delle tavole  |0 IT\ICCU\LO1\0523112 
942 |2 ddc  |c BK  |n 0 
952 |0 0  |1 0  |4 0  |6 L_823_920000000000000_DON  |7 0  |9 20017  |a BO  |b BO  |d 2026-01-15  |i 18642  |l 0  |o L 823.92 DON  |p BO18642  |r 2026-01-15 23:21:10  |w 2026-01-15  |x [Sebina 5] [1 v.]  |y BK  |z 1 v. 
999 |c 17064  |d 17064